000 00655nam a2200205 i 4500
001 14298
003 ES-MaACL
005 20230906150752.0
007 t|
008 981204s1997 sp a ||||1| spa d
080 _a821.134.2-32"19"(082.2)
245 0 0 _aTodos somos diferentes
_b: fotos, cuentos y relatos hiperbreves.
260 _aMadrid :
_bFundación de Derechos Civiles,
_c1997.
300 _a581 p. :
_bil., fot. ;
_c23 cm.
650 4 _aCuentos españoles-
_yS.XX.
_911487
650 0 4 _aFotografía-
_zEspaña.
_912950
650 0 4 _aMarginados sociales.
_914777
710 2 _aFundación de Derechos Civiles.
_94268
852 _aES-MaACL
_jL-21525
999 _c14298
_d14298